00530 2200169 4500245004100000020001800041250001100059100001900070650001700089005001900106260003000125041001400155084000800169300002700177500014700204336000900351 aSMentSalahGaulcSMentSalahGaulhText a979-795-646-6 aCet. 3 aSMentSalahGaul aNovel Komedi a20231006135610 aJakartabWahyumediac2012 aIndonesia a813 aiv, 160 hlm. :c19 cm. ahiburan ini berupa lawakan-lawakan (parodi) berbau korea. nah, tokoh-tokoh yang ada didalam lawakan itu pake nama member dari SM entertainment atext